MARC

LEADER 00000nam0a2200000 4500
001 304783
005 20231102001733.0
035 |a (RuTPU)RU\TPU\book\330030 
090 |a 304783 
100 |a 20150918d1966 km y0rusy50 ca 
101 0 |a rus 
102 |a RU 
105 |a y a 001zb 
200 1 |a Ушаков Сергей Николаевич (1893-1964) 
210 |a Москва  |c Наука  |d 1966 
215 |a 68 с. 
225 1 |a Материалы к биобиблиографии ученых СССР 
225 1 |a Серия химических наук  |v Вып. 36 
320 |a Именной указатель соавторов : с. 58-60. 
600 1 |a Ушаков  |b С. Н.  |c химик-органик  |c член-корреспондент АН СССР  |f 1893-1964  |g Сергей Николаевич  |2 stltpush  |3 (RuTPU)RU\TPU\pers\35215  |9 18480 
606 1 |a Химики  |x Персоналии  |2 stltpush  |3 (RuTPU)RU\TPU\subj\69968  |9 84576 
610 1 |a химия 
610 1 |a химическая наука 
610 1 |a органическая химия 
610 1 |a история 
610 1 |a Россия 
610 1 |a СССР 
610 1 |a 20 век 
610 1 |a биографии 
675 |a 54(092)(01)  |v 4 
702 1 |a Кропачев  |b В. А.  |4 080 
702 1 |a Лаврентьева  |b Е. М.  |4 080 
702 1 |a Горячева  |b Р. И.  |4 220 
712 0 2 |a Академия наук СССР (АН СССР)  |2 stltpush  |3 (RuTPU)RU\TPU\col\722 
801 1 |a RU  |b 63413507  |c 20150918 
801 2 |a RU  |b 63413507  |c 20150921  |g RCR 
942 |c BK